000
00310nam a2200121Ia 4500
005
20260328104255.0
008
260328s9999||||xx |||||||||||||| ||und||
100
_a
Schulze, Franz
245
0
_a
Mies van der Rohe /
_c
Franz Schulze
260
_b
University of Chicago Press
650
_a
ARQUITECTOS
942
_c
BK
999
_c
10401
_d
10401